000 01050nam a2200265 c 4500
999 _c344045
_d344045
003 BLK
005 20200427104050.0
008 180911b bul|||||r ||||||| ||bul||
010 _a003708
040 _aBLK
041 _aRUS
_cBUL
080 _z885.4.09
100 1 _aБОГАТыРЕВ, Петр
_eпърви автор
_9398271
245 0 0 _aСловацкие эпические рассказы и лиро-эпические песни
246 _a"Збойницкий цикл"
260 _aМосква
_bАН СССР
_c1963
300 _a192 с
_c22 см
380 _a82
490 _aЧастна колекция - Академик Михаил Арнаудов
_gДарение - Основен фонд
500 _aАвтограф с текст: Многоуважаемому профессору Д-ру Мих. Арнаудову на добрую память 1923 - 1963, автор, 20 септ. 1963.
655 _aЛитературознание
_9396446
700 1 _aП. Г. Богатырев
_9398272
852 _aМА 1528
_bМА
942 _cKNG
_n0
_s1
944 _aCR
_c1996
_kValK
999 _d344045
999 _d344045